000 00593nam a22002177a 4500
003 UA-OsUOA
001 80174
007 ta
008 20111130b un ||||| |||| 00| 0 ukr d
100 _aГливінська Л.
090 _a81
_bГ54
942 _cSA
040 _aUA-OsUOA
_bukr
_cUA-OsUOA
_dUA-OsUOA
245 _aТеоретична фонетика в тестах
300 _aС.31-33
955 _a0
041 _aukr
080 _a81
773 0 _w80171
650 7 _a8 Мовознавство. Художня література. Літературознавство
_2UDC
999 _c366491
_d366491